| 000 | 00420nam a2200169Ia 4500 | ||
|---|---|---|---|
| 008 | 170901s1957 xx 000 0 und d | ||
| 082 |
_a581.2 _bW13P |
||
| 100 | _aWalker, John Charles | ||
| 245 | 0 | _aPlant Pathology | |
| 250 | _a2 | ||
| 260 |
_aNew York _bMcGraw-Hill Book Co., Inc. _c1957 |
||
| 300 | _a707 | ||
| 650 | _aBotanical sciences | ||
| 650 | _aPure Sciences | ||
| 653 | _aPlant diseases | ||
| 942 |
_2ddc _cBK |
||
| 999 |
_c8781 _d8781 |
||